000 00682nam a2200205Ii 4500
003 JO-AjNU
008 230605s9999||||xx |||||||||||||| ||und||
040 _aJO-AjNU
_bara
_erda
_cJO-AjNU
041 _aara
050 1 4 _aBF637.C6.Z8222.2012
100 3 _aالزعبي، أحمد محمد,
_eauthor
_944601
245 0 0 _aالإرشاد النفسي : نظرياته-اتجاهاته-مجالاته
250 _aط1
264 3 1 _aعمان:دار زهران للنشر والتوزيع ، 2012
300 _a302ص
336 _atext
_btxt
_2rdacontent
337 _aunmediated
_bn
_2rdamedia
338 _avolume
_bnc
_2rdacarrier
650 4 _aالارشاد النفسي
_944602
999 _aA19270
_c22838
_d22838